Journal of parasitic diseases : (Record no. 88310)

MARC details
000 -LEADER
fixed length control field 00728nas a22002177a 4500
005 - DATE AND TIME OF LATEST TRANSACTION
control field 20140904155625.0
006 - FIXED-LENGTH DATA ELEMENTS--ADDITIONAL MATERIAL CHARACTERISTICS--GENERAL INFORMATION
fixed length control field a|||||r|||| 00| 0
007 - PHYSICAL DESCRIPTION FIXED FIELD--GENERAL INFORMATION
fixed length control field ta
008 - FIXED-LENGTH DATA ELEMENTS--GENERAL INFORMATION
fixed length control field 140904b xxu||||| |||| 00| 0 eng d
022 ## - INTERNATIONAL STANDARD SERIAL NUMBER
International Standard Serial Number 0971-7196
022 ## - INTERNATIONAL STANDARD SERIAL NUMBER
International Standard Serial Number 0975-0703 (Electronic)
245 ## - TITLE STATEMENT
Title Journal of parasitic diseases :
Remainder of title the official publication of the Indian Society for Parasitology
Statement of responsibility, etc edited by V.P. Sharma
260 ## - PUBLICATION, DISTRIBUTION, ETC. (IMPRINT)
Place of publication, distribution, etc New Delhi
Name of publisher, distributor, etc Indian Society for Parasitology
-- Springer India
Date of publication, distribution, etc 2014-
300 ## - PHYSICAL DESCRIPTION
Extent v.
Dimensions 26 cm (Pbk)
310 ## - CURRENT PUBLICATION FREQUENCY
Current publication frequency Quarterly
362 ## - DATES OF PUBLICATION AND/OR SEQUENTIAL DESIGNATION
Dates of publication and/or sequential designation Vol 38 No 1 Jan-Mar 2014
700 ## - ADDED ENTRY--PERSONAL NAME
Personal name Sharma, V.P. ed.
856 ## - ELECTRONIC LOCATION AND ACCESS
Uniform Resource Identifier <a href="www.springer.com/12639">www.springer.com/12639</a>
856 ## - ELECTRONIC LOCATION AND ACCESS
Uniform Resource Identifier <a href="http://www.parasitologyindia.org/journals.htm">http://www.parasitologyindia.org/journals.htm</a>
942 ## - ADDED ENTRY ELEMENTS (KOHA)
Source of classification or shelving scheme Dewey Decimal Classification
Item type Periodicals
Serial record 1
Holdings
Withdrawn status Lost status Source of classification or shelving scheme Damaged status Not for loan Collection code Home library Current library Date acquired Total Checkouts Date last seen Price effective from Koha item type
    Dewey Decimal Classification   Not For Loan Non-fiction D.B.Act.Division D.B.Act.Division 04/09/2014   04/09/2014 04/09/2014 Periodicals

© Delhi Public Library
Hit Counter
free hit counter